000 00375nam a2200133 i 4500
001 bg
100 1 _aRICHARDS, Hans
245 0 _aŚlusarstwo - hobby /
_cHans Richards ; tł. z jęz. niem. Stefan Katarzyński.
260 _aWarszawa :
_bWydawnictwa Naukowo-Techniczne,
_c1976.
040 _cBPK
041 _apol
942 _cKS
008 s pl f |000 0 pol
999 _c16917
_d16917
856 _uhttp://koha.tu.koszalin.pl/cgi-bin/koha/opac-detail.pl?biblionumber=16917
_yKatalog online BPK